00552nam a2200169Ia 450000500170000000800410001702000180005808200130007610000130008924500510010226000450015330000120019850000540021094200060026495200970027099900150036720250528040158.0240331s9999 xx 000 0 und d a9789551266592 bAUSa303 aAustin,A 0aVargika deshapalanamaya arbuuda viyavarthanaya aColombobVijitha yapa Publicationsc2007 a605 p., athe transformation of the ethnic political crisis cL 001040708LaWERCLbWERCLcSSCd2024-03-31l0o 303.6 AUSp6033r2024-03-31w2024-03-31yL c5214d5214